Hướng dẫn thực hành kinh tế học vĩ mô

Tallennettuna:
Bibliografiset tiedot
Päätekijä: Pgs. Ts.Vũ Kim DungPgs.Ts.Phạm Văn Minh
Aineistotyyppi: Kirja
Kieli:Vietnamese
Julkaistu: Giáo dục 2010
Tagit: Lisää tagi
Ei tageja, Lisää ensimmäinen tagi!
Thư viện lưu trữ: Mạng thư viện Đại học Đà Nẵng
LEADER 00662nam a2200277 4500
001 000025587
003 1153
005 20150325120000.0
008 150325s vm 000 vie
020 |c 0,0000 
040 |a D5 
100 |a Pgs. Ts.Vũ Kim DungPgs.Ts.Phạm Văn Minh 
245 |a Hướng dẫn thực hành kinh tế học vĩ mô 
260 |b Giáo dục  |c 2010 
300 |a 187tr. ; 
OWN |a LTT 
999 |a From the UDN01 
TYP |a Monograph 
TYP |a Printed language 
980 |a Mạng thư viện Đại học Đà Nẵng